The Mellons : (Запис № 524515)

МАРК-запис
000 -LEADER
fixed length control field 01386pam a2200337 i 4500
001 - CONTROL NUMBER
control field mellonschronicle00kosk
003 - CONTROL NUMBER IDENTIFIER
control field CaSfIA
005 - DATE AND TIME OF LATEST TRANSACTION
control field 20210118184945.0
007 - PHYSICAL DESCRIPTION FIXED FIELD--GENERAL INFORMATION
fixed length control field cr||||
008 - FIXED-LENGTH DATA ELEMENTS--GENERAL INFORMATION
fixed length control field 771130s1978 nyua b 001 0ceng
035 ## - SYSTEM CONTROL NUMBER
-- (DLC) 77025947
010 ## - LIBRARY OF CONGRESS CONTROL NUMBER
LC control number 77025947
020 ## - INTERNATIONAL STANDARD BOOK NUMBER
International Standard Book Number 0690011903 :
Terms of availability $14.50
040 ## - CATALOGING SOURCE
Original cataloging agency DLC
Transcribing agency DLC
Modifying agency DLC
-- CaSfIA
043 ## - GEOGRAPHIC AREA CODE
Geographic area code n-us---
050 00 - LIBRARY OF CONGRESS CALL NUMBER
Classification number HC102.5.M38
Item number K67 1978
082 00 - DEWEY DECIMAL CLASSIFICATION NUMBER
Classification number 338/.092/2
-- B
100 1# - MAIN ENTRY--PERSONAL NAME
Personal name Koskoff, David E.,
Dates associated with a name 1939-
245 14 - TITLE STATEMENT
Title The Mellons :
Medium [electronic resource]
Remainder of title the chronicle of America's richest family /
Statement of responsibility, etc David E. Koskoff.
250 ## - EDITION STATEMENT
Edition statement 1st ed.
260 ## - PUBLICATION, DISTRIBUTION, ETC. (IMPRINT)
Place of publication, distribution, etc New York :
Name of publisher, distributor, etc Crowell,
Date of publication, distribution, etc c1978.
300 ## - PHYSICAL DESCRIPTION
Extent v, 602 p. :
Other physical details ill. ;
Dimensions 24 cm.
504 ## - BIBLIOGRAPHY, ETC. NOTE
Bibliography, etc Bibliography: p. 569-585.
500 ## - GENERAL NOTE
General note Includes index.
506 ## - RESTRICTIONS ON ACCESS NOTE
Standardized terminology for access restriction Необхідна авторизація на https://archive.org/ (створення облікового запису безкоштовно)
506 ## - RESTRICTIONS ON ACCESS NOTE
Standardized terminology for access restriction Необхідна авторизація на https://openlibrary.org/ (створення облікового запису безкоштовно)
600 30 - SUBJECT ADDED ENTRY--PERSONAL NAME
Personal name Mellon family.
856 41 - ELECTRONIC LOCATION AND ACCESS
Uniform Resource Identifier <a href="http://www.archive.org/details/mellonschronicle00kosk">http://www.archive.org/details/mellonschronicle00kosk</a>
Public note Free eBook from the Internet Archive
856 42 - ELECTRONIC LOCATION AND ACCESS
Uniform Resource Identifier <a href="http://www.openlibrary.org/books/OL4555968M">http://www.openlibrary.org/books/OL4555968M</a>
Public note Additional information and access via Open Library
942 ## - ADDED ENTRY ELEMENTS (KOHA)
Koha item type ЕКнига

Немає доступних примірників.